[Event "Olympiad-41"]
[Site "Tromsoe"]
[Date "2014.08.10"]
[Round "8.1"]
[White "Kramnik, Vladimir"]
[Black "Vallejo Pons, Francisco"]
[Result "0-1"]
[WhiteElo "2760"]
[BlackElo "2698"]
[Annotator "Roiz,M"]
[PlyCount "80"]
[EventDate "2014.08.02"]
[EventType "team-swiss"]
[EventRounds "11"]
[EventCountry "NOR"]
[SourceTitle "CBM 162"]
[Source "ChessBase"]
[SourceDate "2014.09.17"]
[SourceVersion "1"]
[SourceVersionDate "2014.09.17"]
[SourceQuality "1"]
[WhiteTeam "Russia"]
[BlackTeam "Spain"]
[WhiteTeamCountry "RUS"]
[BlackTeamCountry "ESP"]

1. d4 Nf6 2. c4 e6 3. Nf3 d5 4. Nc3 dxc4 5. e4 Bb4 6. Bg5 c5 7. Bxc4 cxd4 8.
Nxd4 Qa5 9. Bd2 Qc5 10. Bb5+ Bd7 11. Nb3 Qc7 {Quite a rare retreat. The queen
takes control over important squares f4 and e5, but White may put some
pressure along the c-file.} ({Black as a couple of alternatives in this well
known theoretical position:} 11... Qe5) (11... Qb6) (11... Qe7 {and}) 12. Rc1
$146 {Admitting the drawback of Black's last move.} (12. Bxd7+ {is harmless:}
Nbxd7 13. O-O O-O 14. Rc1 Bd6 15. h3 Rad8 16. Qe2 Qb8 17. f4 Nc5 18. e5 Nxb3
19. axb3 Bc5+ $11) ({But} 12. O-O {is also worth considering:} O-O (12... Bxc3
13. Bxd7+ Qxd7 14. Bxc3 $14 {1/2-1/2 Ding,L (2654)-So,W (2658)/Khanty-Mansiysk
2011/CBM 145 (33)}) 13. Bd3 (13. Rc1 $5 {most probably transposes to the text})
13... Nc6 14. a3 (14. Rc1 Rfd8 15. Qe2 Rac8 16. Bg5 Be7 17. f4 Qb6+ 18. Kh1 Nb4
19. Bb1 Be8 20. Bh4 Qa6 $11 {1/2-1/2 Borovikov,V (2569)-Colovic,A (2435)/
Rethymno 2012/CBM 149 Extra (25)}) 14... Be7 15. Rc1 Rfd8 16. Qe2 Be8 17. Bb1
$14) 12... Nc6 13. O-O O-O 14. Qe2 {Both players are connecting the rooks and
mobilising their forces, but White's task is easier due to his slight space
advantage.} Rfd8 15. Bg5 Be7 16. Be3 $1 {A correct decision. Now White's setup
is harmonious, so pushing f4-f5 is a plan worth considering.} ({Nothing will
be achieved by} 16. f4 h6 17. Bxf6 (17. Bh4 $2 Nxe4 18. Bxe7 Qb6+ 19. Kh1 Nxe7
20. Bxd7 Nxc3 21. Rxc3 Rxd7 $19) 17... Bxf6 18. e5 Be7 $11) 16... a6 17. Bd3 $1
{Kramnik correctly keeps the bishop on the board.} ({After} 17. Bxc6 Bxc6 18.
Nd4 Bd7 $1 {Black should be OK:} (18... Rac8 19. Na4 Qe5 20. Nxc6 Rxc6 21. Rxc6
bxc6 22. f3 $14) 19. Rfd1 (19. Nd5 Qd6 20. Nxe7+ Qxe7 21. Bg5 e5 $11) 19... Qb8
20. Bg5 Nd5 21. Bxe7 Nxe7 $11) 17... Be8 18. f4 {Once again Vladimir chooses
the most aggressive continuation. The advance of the kingside pawn is quite
threatening, so Vallejo Pons had to react somehow.} ({There were some
positional alternatives:} 18. Na4 Bd6 19. f4 e5 20. f5 Qe7 21. Nb6 Rab8 22.
Rfd1 Nb4 23. Bb1 Bb5 24. Qe1 $14) (18. Rfd1 Rac8 19. f4 $14 {with a pleasant
edge in both cases.}) 18... Ng4 ({Another natural response could be met by} 
18... e5 19. fxe5 (19. Kh1 $5) 19... Qxe5 20. Rf5 $1 (20. Bf4 Qh5 21. e5 Qxe2
22. Bxe2 Nd5 $11) 20... Qb8 21. Nd5 Nxd5 22. exd5 Ne5 23. Bd4 Nxd3 24. Qxd3 $36
) 19. Qxg4 {This time White doesn't mind exchanging the light-squared bishop
in order to keep the attacking potential.} ({It was also possible to change
the character of the position:} 19. Nd5 $5 exd5 20. Qxg4 dxe4 21. Bxe4 Bd7 22.
Qf3 $14 {with definite pressure.}) 19... Rxd3 20. Bf2 $6 {After this move
White loses the lion's share of his harmony.} ({It was a good moment to switch
to a positional plan:} 20. Qe2 $1 Rdd8 (20... Qd8 21. Kh1 Bf8 22. f5 $36) 21.
Qf2 Qb8 22. Bb6 Rd3 23. e5 $14 {and Black's position lacks space.}) 20... Qd8 (
20... a5 $5 21. Na4 b5 22. Nac5 Rdd8 $132) 21. e5 Nb4 $1 {As a result, Black
has a golden opportunity to develop some counterplay.} 22. Nc5 {Vladimir's
move is a bit risky, but the position remains balanced.} ({Still, more to the
point was} 22. Rcd1 {forcing Black to find the precise route to equality:} Bb5
$1 (22... Rxd1 23. Rxd1 Qc8 24. a3 Nd5 25. Nxd5 exd5 26. f5 $36) 23. Nxb5 axb5
24. a3 Nc6 25. Qe2 Rd5 $11) (22. Rfd1 Bb5 23. a3 Bc4 24. Nc5 Bxc5 25. Bxc5 Nd5
$11) 22... Rd2 {Vallejo Pons accepts the challenge. The rook is always
dangerous on the 2nd rank, so White should be careful now.} ({Another
reasonable possibility was} 22... Bxc5 23. Bxc5 Rc8 24. Ne4 {now it looks
scary, but Black can parry all the threats:} h5 $1 25. Nf6+ (25. Qxh5 $2 f5 26.
Qg5 Qxg5 27. Nxg5 Nxa2 $17) 25... Qxf6 26. exf6 hxg4 27. Bxb4 $11) 23. N3e4 (
23. Rfd1 Rxd1+ 24. Rxd1 Qc7 25. N5e4 Rd8 26. Nf6+ Bxf6 27. exf6 Rxd1+ 28. Nxd1
(28. Qxd1 Qxf4 29. g3 $1 Qxf6 30. Qd6 Nd5 31. Bc5 h6 32. Qf8+ Kh7 33. Qxe8 (33.
Nxd5 exd5 34. Qxe8 Qxb2 $11) 33... Nxc3 34. bxc3 Qf5 $11 {is a draw by
perpetual.}) 28... g6 {can be dangerous for White.}) 23... Rxb2 24. Rfd1 (24.
Nd6 {could be met by the brave} Nxa2 $1 (24... Bxd6 25. Nxb7 Qb8 26. Nxd6 Bb5
27. Bd4 Rd2 (27... Rxa2 28. f5 $40) 28. Be3 Rc2 29. f5 Be2 30. Qg3 Bxf1 31.
Rxf1 $36) (24... b6 25. Ncb7 (25. Nxe6 fxe6 26. Qxe6+ Kf8 27. Qf5+ Kg8 28. Qe6+
Kf8 $11) 25... Qd7 26. f5 Bf8 27. f6 g6 $132) 25. Ncxb7 Qd7 26. Ra1 g6 27. Nc5
Qc6 {and White's compensation is not obvious here.}) 24... Nd5 25. Nf6+ $2 {
Vladimir has overestimated his attacking chances. Black is obliged to exchange
the dakr-squared bishop, but White cannot exploit it.} (25. Bd4 Rxa2 26. Nxb7
Qd7 27. Nbd6 Bxd6 28. Nxd6 $44) 25... Bxf6 (25... Kh8 $6 26. Nxd5 exd5 27. Bd4
$36) 26. exf6 g6 {The Pf6 is hanging, so White is unable to create any serious
threats.} 27. Bd4 $2 {A decisive step in the wrong direction. White gives up a
second pawn.} ({At the same time,} 27. Qh4 $1 Bc6 28. Nxe6 Qxf6 29. Ng5 h5 30.
Bd4 Rxg2+ 31. Kxg2 Nxf4+ 32. Kf1 Bb5+ 33. Kf2 Nh3+ 34. Kg3 Qxg5+ 35. Qxg5 Nxg5
36. h4 Ne6 37. Bf6 $15 {gives White excellent drawish chances due to activity
of all the pieces.}) 27... Rxa2 28. Qh4 ({Perhaps,} 28. Qh3 {was more stubborn,
although after} Nxf6 29. Nxe6 (29. Be5 Rd2 $19) 29... Qe7 30. Nc7 Rd8 31. Nxe8
Nxe8 32. f5 Re2 $1 33. fxg6 fxg6 34. Bf2 Rxd1+ 35. Rxd1 b5 $19 {Black should
win anyway.}) 28... Bc6 $1 {A multi-purpose move. Black is not only freeing a
way for the queen to f8, but also putting pressure on his opponent's king.} 29.
Ne4 (29. Nxe6 {was also hopeless:} Rxg2+ 30. Kxg2 Nxf4+ 31. Kg1 Nxe6 32. Be3
Qa5 $19) 29... Re2 $1 30. Ng3 ({Or} 30. Ng5 h5 31. Nf3 Nb4 32. Qg5 Bxf3 33.
gxf3 Nd5 $19) 30... Nxf4 $1 $19 {The final touch. White is obliged to swap
queens in order to avoid mate.} 31. Qxf4 (31. Nxe2 Nxe2+ 32. Kf2 Nxc1 $19)
31... Qd5 32. Ne4 Qxe4 ({Only not} 32... Rxe4 $4 33. Qh6 Re1+ 34. Kf2 Qxg2+ 35.
Kxe1 {and Black may even lose here.}) 33. Qxe4 Rxe4 {Black has 3 extra pawns,
so the rest is simple.} 34. Bb6 g5 35. Rd2 h6 36. Bd8 a5 37. Be7 a4 38. Rc3 Kh7
39. h3 Kg6 40. Kh2 Rf4 0-1

[Event "Moscow Petrosian Memorial"]
[Site "Moscow"]
[Date "2014.11.08"]
[Round "4"]
[White "Kramnik, Vladimir"]
[Black "Gelfand, Boris"]
[Result "1/2-1/2"]
[WhiteElo "2760"]
[BlackElo "2759"]
[Annotator "CB"]
[PlyCount "71"]
[EventDate "2014.11.04"]
[EventType "tourn"]
[EventRounds "7"]
[EventCountry "RUS"]
[EventCategory "20"]
[SourceTitle "CBM 164"]
[Source "ChessBase"]
[SourceDate "2015.01.15"]
[SourceVersion "1"]
[SourceVersionDate "2015.01.15"]
[SourceQuality "1"]

1. d4 Nf6 2. c4 g6 3. Nc3 d5 4. Nf3 Bg7 5. Bg5 Ne4 6. Bf4 Nxc3 7. bxc3 c5 8.
cxd5 cxd4 9. cxd4 Qxd5 10. e3 O-O 11. Be2 Nc6 12. O-O Bf5 13. Qa4 Qa5 14. Qxa5
Nxa5 15. Rfc1 Rac8 {Technically a novelty. Earlier this year Grischuk chose to
play the other rook to c8 against Carlsen. Gelfand must have felt there are
reasons to keep the f8 rook where it is, maybe to go to d8.} 16. Ne1 Nc6 17. g4
(17. Bf3 $5) 17... Be4 18. Bf3 f5 $1 {Nice understanding of the position. The
e4 pawn will be very difficult to attack and it severely restricts White's
position, to the point where he will not be able to avoid the e5 break.} 19.
Bxe4 fxe4 20. Rab1 b6 21. Rc2 e5 22. dxe5 Nxe5 23. Bxe5 Bxe5 24. Kg2 {White's
awkward knight on e1 means that Black is the only one that can be better.} Kf7
(24... Rfd8 $15) 25. Rd1 Rxc2 26. Nxc2 Rc8 27. Nd4 a6 28. f4 exf3+ 29. Kxf3 b5
30. h4 Bxd4 (30... h5 {preserved some advantage, but with good play it should
end in a draw anyways.}) 31. Rxd4 Ke6 32. Re4+ Kd6 33. Rd4+ Ke6 34. Re4+ Kd6
35. Rd4+ Ke6 36. Ke4 1/2-1/2

[Event "Sochi Tal Memorial Blitz"]
[Site "Sochi"]
[Date "2014.11.13"]
[Round "2"]
[White "Leko, Peter"]
[Black "Kramnik, Vladimir"]
[Result "1/2-1/2"]
[WhiteElo "2731"]
[BlackElo "2760"]
[PlyCount "52"]
[EventDate "2014.11.13"]
[EventType "tourn (blitz)"]
[EventRounds "22"]
[EventCountry "RUS"]
[EventCategory "19"]
[SourceTitle "EXT 2015"]
[Source "ChessBase"]
[SourceDate "2014.11.20"]
[SourceVersion "1"]
[SourceVersionDate "2014.11.20"]
[SourceQuality "1"]

1. e4 e5 2. Nf3 Nc6 3. Bb5 Nf6 4. O-O Nxe4 5. Re1 Nd6 6. Nxe5 Be7 7. Bf1 Nf5 8.
c3 Nxe5 9. Rxe5 d6 10. Re1 O-O 11. d4 d5 12. Bf4 Bd6 13. Be5 f6 14. Bxd6 Nxd6
15. Bd3 c6 16. Qf3 g6 17. Nd2 Bf5 18. Bxf5 Nxf5 19. Nb3 b6 20. Re2 Qd7 21. Rae1
Rae8 22. Nc1 Rxe2 23. Rxe2 Re8 24. Nd3 Rxe2 25. Qxe2 Kf7 26. f3 Qe6 1/2-1/2

[Event "Sochi Tal Memorial Blitz"]
[Site "Sochi"]
[Date "2014.11.13"]
[Round "3"]
[White "Kramnik, Vladimir"]
[Black "Inarkiev, Ernesto"]
[Result "1/2-1/2"]
[WhiteElo "2760"]
[BlackElo "2688"]
[PlyCount "80"]
[EventDate "2014.11.13"]
[EventType "tourn (blitz)"]
[EventRounds "22"]
[EventCountry "RUS"]
[EventCategory "19"]
[SourceTitle "EXT 2015"]
[Source "ChessBase"]
[SourceDate "2014.11.20"]
[SourceVersion "1"]
[SourceVersionDate "2014.11.20"]
[SourceQuality "1"]

1. Nf3 d5 2. d4 Nf6 3. c4 c6 4. Nc3 dxc4 5. a4 Bf5 6. e3 e6 7. a5 Nbd7 8. Bxc4
Bd6 9. O-O O-O 10. h3 Qc7 11. Nh4 Be4 12. Nxe4 Nxe4 13. Qc2 Nef6 14. e4 Be7 15.
e5 Nd5 16. Bxd5 Bxh4 17. Be4 g6 18. a6 Rfc8 19. axb7 Qxb7 20. Bd2 Nb6 21. Rfc1
Nd5 22. Ra5 Rab8 23. Rc5 Qxb2 24. Bxd5 exd5 25. Qxb2 Rxb2 26. Be3 Bd8 27. Rxd5
Bb6 28. Rd6 Rb4 29. d5 Bxe3 30. fxe3 c5 31. e6 Re4 32. exf7+ Kxf7 33. Rf1+ Ke7
34. Ra6 Rxe3 35. Rb1 Rd8 36. Rxa7+ Rd7 37. d6+ Ke6 38. Ra5 c4 39. Rc5 c3 40.
Rc1 Rxd6 1/2-1/2

[Event "Sochi Tal Memorial Blitz"]
[Site "Sochi"]
[Date "2014.11.13"]
[Round "4"]
[White "Nepomniachtchi, Ian"]
[Black "Kramnik, Vladimir"]
[Result "0-1"]
[WhiteElo "2714"]
[BlackElo "2760"]
[PlyCount "130"]
[EventDate "2014.11.13"]
[EventType "tourn (blitz)"]
[EventRounds "22"]
[EventCountry "RUS"]
[EventCategory "19"]
[SourceTitle "EXT 2015"]
[Source "ChessBase"]
[SourceDate "2014.11.20"]
[SourceVersion "1"]
[SourceVersionDate "2014.11.20"]
[SourceQuality "1"]

1. e4 e5 2. Nf3 Nc6 3. d4 exd4 4. Nxd4 Bb4+ 5. c3 Bc5 6. Be3 Bb6 7. Nf5 Bxe3 8.
Nxe3 d6 9. c4 Nge7 10. Nc3 O-O 11. Be2 f5 12. exf5 Nxf5 13. Nxf5 Bxf5 14. O-O
Qd7 15. Bf3 Kh8 16. b3 Rae8 17. Re1 Rxe1+ 18. Qxe1 Ne5 19. Bd5 Nd3 20. Qe3 b6
21. Rf1 Re8 22. Qd4 Nb4 23. Bf3 Bd3 24. Rd1 Bc2 25. Rf1 Bd3 26. Rd1 Bc2 27. Rf1
Bd3 28. Rc1 Bg6 29. h3 a5 30. Rd1 Bc2 31. Rd2 Bf5 32. Kh2 h6 33. Qf4 Nd3 34.
Qg3 Ne5 35. Bd5 c6 36. Bf3 Nxf3+ 37. Qxf3 Bg6 38. Qf4 Re6 39. Ne2 Rf6 40. Qe3
Qc7 41. Qg3 Qe7 42. Nf4 Bf7 43. Re2 Qd7 44. Qe3 b5 45. cxb5 cxb5 46. Qd4 Qf5
47. Nd3 b4 48. Rd2 Bg6 49. Nb2 Qc5 50. f3 Bf7 51. Na4 Qc7 52. Kg1 d5 53. Qc5
Rc6 54. Qd4 Rc1+ 55. Rd1 Rxd1+ 56. Qxd1 Qf4 57. Kh1 Qe3 58. Qc2 d4 59. Qf5 Be6
60. Qf8+ Bg8 61. Qc5 Qe1+ 62. Kh2 d3 63. Qd4 d2 64. Nb2 Qc1 65. Qd8 Qxb2 0-1

[Event "Sochi Tal Memorial Blitz"]
[Site "Sochi"]
[Date "2014.11.13"]
[Round "6"]
[White "Morozevich, Alexander"]
[Black "Kramnik, Vladimir"]
[Result "1-0"]
[WhiteElo "2724"]
[BlackElo "2760"]
[PlyCount "105"]
[EventDate "2014.11.13"]
[EventType "tourn (blitz)"]
[EventRounds "22"]
[EventCountry "RUS"]
[EventCategory "19"]
[SourceTitle "EXT 2015"]
[Source "ChessBase"]
[SourceDate "2014.11.20"]
[SourceVersion "1"]
[SourceVersionDate "2014.11.20"]
[SourceQuality "1"]

1. c4 e6 2. Nf3 d5 3. b3 Nf6 4. g3 d4 5. Bg2 Nc6 6. O-O e5 7. d3 a5 8. Na3 Bc5
9. Nb5 O-O 10. Bg5 Re8 11. Bxf6 gxf6 12. Qc1 Ne7 13. Na3 Ng6 14. Nc2 f5 15. Nd2
Ra6 16. a3 Rae6 17. b4 Bf8 18. Qb2 Bg7 19. bxa5 e4 20. Nb3 exd3 21. exd3 f4 22.
Rad1 Qf6 23. Nc5 Re2 24. Ne4 R8xe4 25. Bxe4 f3 26. Qc1 Ne5 27. Nxd4 Bh3 28. Qf4
Qxf4 29. gxf4 Ng6 30. Bxf3 Ra2 31. Ne2 Nh4 32. Bh5 Bxf1 33. Kxf1 Rxa3 34. Rb1
Rxa5 35. Ng3 b6 36. Re1 Kf8 37. Bg4 Ng6 38. Re4 Ra1+ 39. Kg2 Ne7 40. f5 Ra5 41.
d4 Nc6 42. d5 Ne5 43. Be2 Nd7 44. Rh4 h6 45. Nh5 Ra2 46. Bf3 Be5 47. Ng3 Bd6
48. Rxh6 Ne5 49. f6 Ke8 50. Nf5 Bc5 51. Be4 Re2 52. Ng7+ Kd7 53. Bf5+ 1-0

[Event "Sochi Tal Memorial Blitz"]
[Site "Sochi"]
[Date "2014.11.13"]
[Round "8"]
[White "Kramnik, Vladimir"]
[Black "Svidler, Peter"]
[Result "1-0"]
[WhiteElo "2760"]
[BlackElo "2743"]
[PlyCount "126"]
[EventDate "2014.11.13"]
[EventType "tourn (blitz)"]
[EventRounds "22"]
[EventCountry "RUS"]
[EventCategory "19"]
[SourceTitle "EXT 2015"]
[Source "ChessBase"]
[SourceDate "2014.11.20"]
[SourceVersion "1"]
[SourceVersionDate "2014.11.20"]
[SourceQuality "1"]

1. Nf3 g6 2. g3 Bg7 3. Bg2 c5 4. O-O Nc6 5. Nc3 d5 6. a3 e5 7. e4 d4 8. Nd5
Nge7 9. c4 dxc3 10. dxc3 h6 11. b4 O-O 12. Be3 cxb4 13. axb4 Nxd5 14. exd5 Ne7
15. c4 Nf5 16. Ra3 Bd7 17. c5 Bb5 18. Re1 e4 19. Nd2 Qxd5 20. Nxe4 Qxd1 21.
Rxd1 Bc6 22. Nd6 Bxg2 23. Kxg2 Rfd8 24. Rad3 Nxd6 25. Rxd6 Rxd6 26. Rxd6 a5 27.
bxa5 Bf8 28. Rd7 Rxa5 29. Rd8 g5 30. Rc8 f6 31. Kf3 Kf7 32. Ke4 Be7 33. f4 Ke6
34. f5+ Kd7 35. Rh8 Bxc5 36. Rh7+ Kd6 37. Rxh6 Ra4+ 38. Kf3 Ra3 39. Rxf6+ Ke5
40. Rf7 Rxe3+ 41. Kg4 b5 42. Kxg5 b4 43. Rb7 Rf3 44. g4 Kd5 45. Kg6 Kc6 46. Rb8
Bd6 47. Rc8+ Kd5 48. f6 b3 49. Rc1 Ke6 50. g5 b2 51. Re1+ Be5 52. h4 Rb3 53. f7
Rf3 54. h5 Rxf7 55. h6 Rf2 56. Kh7 Re2 57. Rb1 Rc2 58. g6 Rc1 59. g7 Rc7 60.
Kg6 Rc8 61. h7 Bxg7 62. Kxg7 Rc7+ 63. Kh6 Kd5 1-0

[Event "Sochi Tal Memorial Blitz"]
[Site "Sochi"]
[Date "2014.11.13"]
[Round "9"]
[White "Tomashevsky, Evgeny"]
[Black "Kramnik, Vladimir"]
[Result "1-0"]
[WhiteElo "2714"]
[BlackElo "2760"]
[PlyCount "67"]
[EventDate "2014.11.13"]
[EventType "tourn (blitz)"]
[EventRounds "22"]
[EventCountry "RUS"]
[EventCategory "19"]
[SourceTitle "EXT 2015"]
[Source "ChessBase"]
[SourceDate "2014.11.20"]
[SourceVersion "1"]
[SourceVersionDate "2014.11.20"]
[SourceQuality "1"]

1. d4 d6 2. e4 Nf6 3. Nc3 g6 4. Be2 Bg7 5. h4 c5 6. d5 a6 7. a4 h5 8. Nf3 Bg4
9. Ng5 Bxe2 10. Qxe2 Nbd7 11. Nd1 O-O 12. O-O Ne5 13. f3 Qd7 14. Bf4 Ne8 15.
Ne3 Nc7 16. Bg3 b5 17. axb5 axb5 18. c3 c4 19. Bxe5 dxe5 20. g4 f6 21. Ne6 Nxe6
22. dxe6 Qxe6 23. gxh5 gxh5 24. Nf5 Rxa1 25. Rxa1 Kh7 26. Kh1 Qf7 27. Ra7 Re8
28. Nd6 Qe6 29. Nxe8 Qh3+ 30. Kg1 Bh6 31. Nxf6+ Kg6 32. Qg2+ Qxg2+ 33. Kxg2
exf6 34. Rb7 1-0

[Event "Sochi Tal Memorial Blitz"]
[Site "Sochi"]
[Date "2014.11.14"]
[Round "14"]
[White "Kramnik, Vladimir"]
[Black "Leko, Peter"]
[Result "1/2-1/2"]
[WhiteElo "2760"]
[BlackElo "2731"]
[PlyCount "88"]
[EventDate "2014.11.13"]
[EventType "tourn (blitz)"]
[EventRounds "22"]
[EventCountry "RUS"]
[EventCategory "19"]
[SourceTitle "EXT 2015"]
[Source "ChessBase"]
[SourceDate "2014.11.20"]
[SourceVersion "1"]
[SourceVersionDate "2014.11.20"]
[SourceQuality "1"]

1. Nf3 c5 2. g3 g6 3. Bg2 Bg7 4. O-O Nc6 5. Nc3 e6 6. a3 Nge7 7. Rb1 a5 8. d3
O-O 9. e4 d6 10. a4 e5 11. Nd2 f5 12. Nc4 f4 13. Nb5 Rf6 14. c3 Na7 15. Nxa7
Rxa7 16. d4 cxd4 17. cxd4 Qc7 18. b3 Be6 19. Ba3 Bxc4 20. bxc4 Nc6 21. c5 Nxd4
22. cxd6 Rxd6 23. Bxd6 Qxd6 24. Qd3 h5 25. gxf4 exf4 26. e5 Bxe5 27. Be4 b6 28.
Kh1 g5 29. Rfd1 g4 30. Rb5 Nxb5 31. Qb3+ Kg7 32. Rxd6 Nxd6 33. Qe6 Nxe4 34.
Qxe5+ Nf6 35. Qg5+ Kf7 36. Qxf4 Re7 37. Kg2 Re4 38. Qc7+ Kg6 39. Qc2 Kg5 40. h3
Rb4 41. Qd2+ Kg6 42. Qc2+ Kg5 43. Qd2+ Kg6 44. Qc2+ Kg5 1/2-1/2

[Event "Sochi Tal Memorial Blitz"]
[Site "Sochi"]
[Date "2014.11.14"]
[Round "15"]
[White "Inarkiev, Ernesto"]
[Black "Kramnik, Vladimir"]
[Result "0-1"]
[WhiteElo "2688"]
[BlackElo "2760"]
[PlyCount "78"]
[EventDate "2014.11.13"]
[EventType "tourn (blitz)"]
[EventRounds "22"]
[EventCountry "RUS"]
[EventCategory "19"]
[SourceTitle "EXT 2015"]
[Source "ChessBase"]
[SourceDate "2014.11.20"]
[SourceVersion "1"]
[SourceVersionDate "2014.11.20"]
[SourceQuality "1"]

1. e4 e5 2. Nf3 Nc6 3. Bb5 Nf6 4. d3 Bc5 5. c3 O-O 6. O-O d6 7. Nbd2 Ne7 8. Re1
Ng6 9. d4 Bb6 10. Bf1 c6 11. Nc4 Bc7 12. dxe5 dxe5 13. Qxd8 Rxd8 14. Bg5 Be6
15. a4 Rd7 16. Bxf6 gxf6 17. g3 Rad8 18. a5 Kf8 19. Ne3 Ne7 20. h4 Nc8 21. Kh2
Nd6 22. Nd2 b6 23. Nec4 Nxc4 24. Nxc4 b5 25. Ne3 Rd2 26. Re2 Rxe2 27. Bxe2 Rd2
28. Bg4 Rxf2+ 29. Kh3 h5 30. Bf5 Re2 31. Ng2 Rxe4 32. Bxe6 fxe6 33. b4 f5 34.
Rd1 Ke7 35. Ne1 Re3 36. Kg2 e4 37. Nc2 Rxg3+ 38. Kf2 Rxc3 39. Nd4 Be5 0-1

[Event "Sochi Tal Memorial Blitz"]
[Site "Sochi"]
[Date "2014.11.14"]
[Round "16"]
[White "Kramnik, Vladimir"]
[Black "Nepomniachtchi, Ian"]
[Result "0-1"]
[WhiteElo "2760"]
[BlackElo "2714"]
[PlyCount "56"]
[EventDate "2014.11.13"]
[EventType "tourn (blitz)"]
[EventRounds "22"]
[EventCountry "RUS"]
[EventCategory "19"]
[SourceTitle "EXT 2015"]
[Source "ChessBase"]
[SourceDate "2014.11.20"]
[SourceVersion "1"]
[SourceVersionDate "2014.11.20"]
[SourceQuality "1"]

1. d4 Nf6 2. c4 g6 3. Nc3 d5 4. Nf3 Bg7 5. Bg5 dxc4 6. e4 c5 7. d5 b5 8. d6 Bb7
9. e5 Ne4 10. Nxe4 Bxe4 11. Qe2 Bf5 12. g4 Be6 13. Qe4 Nd7 14. O-O-O Rb8 15.
dxe7 Qa5 16. Bf6 Bxf6 17. exf6 c3 18. Qc2 Qxa2 19. Qxc3 b4 20. Qe3 Qa1+ 21. Kd2
Qxb2+ 22. Ke1 Qxf6 23. Nd2 Qxe7 24. Ne4 O-O 25. g5 Rfe8 26. Nd6 b3 27. Nxe8
Qxe8 28. Be2 b2 0-1

[Event "Sochi Tal Memorial Blitz"]
[Site "Sochi"]
[Date "2014.11.14"]
[Round "18"]
[White "Kramnik, Vladimir"]
[Black "Morozevich, Alexander"]
[Result "1-0"]
[WhiteElo "2760"]
[BlackElo "2724"]
[PlyCount "121"]
[EventDate "2014.11.13"]
[EventType "tourn (blitz)"]
[EventRounds "22"]
[EventCountry "RUS"]
[EventCategory "19"]
[SourceTitle "EXT 2015"]
[Source "ChessBase"]
[SourceDate "2014.11.20"]
[SourceVersion "1"]
[SourceVersionDate "2014.11.20"]
[SourceQuality "1"]

1. d4 Nf6 2. c4 e6 3. Nf3 Bb4+ 4. Nbd2 O-O 5. e3 b6 6. Bd3 Bb7 7. O-O d5 8. a3
Bd6 9. b4 dxc4 10. Nxc4 Nbd7 11. Bb2 Ne4 12. Qe2 f5 13. Nfe5 Bxe5 14. dxe5 Qe7
15. Rac1 Rfd8 16. f3 Ng5 17. Rfd1 Nf8 18. h4 Nf7 19. Qf2 Rd7 20. Be2 Rad8 21.
Rxd7 Rxd7 22. h5 g5 23. hxg6 hxg6 24. Bd4 g5 25. Qg3 Ng6 26. f4 g4 27. Nd2 Kg7
28. Kf2 Rd8 29. Rh1 a5 30. Bc3 axb4 31. axb4 c5 32. b5 Qd7 33. Nc4 Qxb5 34. Nd6
Qb3 35. e4 Bxe4 36. Nxe4 fxe4 37. f5 Rd3 38. Bxd3 Qxc3 39. fxg6 Nxe5 40. Be2
Qd4+ 41. Kf1 Qa1+ 42. Qe1 Qd4 43. Rh7+ Kxg6 44. Qh4 Qa1+ 45. Kf2 e3+ 46. Kg3
Qe1+ 47. Kf4 Qf2+ 48. Qxf2 exf2 49. Rh1 Nc6 50. Ke3 g3 51. Rh3 Nd4 52. Rxg3+
Kf5 53. Kxf2 b5 54. Re3 e5 55. Bd3+ Ke6 56. g4 c4 57. Be4 b4 58. g5 b3 59. g6
c3 60. g7 Kf7 61. Rg3 1-0

[Event "Sochi Tal Memorial Blitz"]
[Site "Sochi"]
[Date "2014.11.14"]
[Round "21"]
[White "Kramnik, Vladimir"]
[Black "Tomashevsky, Evgeny"]
[Result "1-0"]
[WhiteElo "2760"]
[BlackElo "2714"]
[PlyCount "69"]
[EventDate "2014.11.13"]
[EventType "tourn (blitz)"]
[EventRounds "22"]
[EventCountry "RUS"]
[EventCategory "19"]
[SourceTitle "EXT 2015"]
[Source "ChessBase"]
[SourceDate "2014.11.20"]
[SourceVersion "1"]
[SourceVersionDate "2014.11.20"]
[SourceQuality "1"]

1. Nf3 d5 2. g3 c6 3. Bg2 Bf5 4. d3 Nf6 5. Nh4 Bg4 6. h3 Bh5 7. g4 Bg6 8. e3 e6
9. Qe2 Bb4+ 10. Nd2 Nbd7 11. O-O Ng8 12. Nxg6 hxg6 13. f4 Ne7 14. Nf3 Ba5 15.
a3 Bc7 16. e4 dxe4 17. dxe4 e5 18. f5 O-O 19. Bg5 gxf5 20. exf5 Qe8 21. Rad1
Nd5 22. Rfe1 f6 23. c4 N5b6 24. Be3 e4 25. Nd2 Ne5 26. Nxe4 Nexc4 27. Bf2 Rf7
28. Nxf6+ gxf6 29. Qxe8+ Rxe8 30. Rxe8+ Kg7 31. Bd4 Be5 32. Bxe5 Nxe5 33. Rdd8
Kh6 34. Rh8+ Kg5 35. Rd4 1-0